Stredná Európa sa stáva atraktívnou
Posilňovanie mien stredoeurópskych krajín. Vývoj slovenskej koruny oproti českej. Reakcie národných bánk.
Salvato in:
| Autore principale: | |
|---|---|
| Natura: | Capitolo di libro |
| Lingua: | slovacco |
| Soggetti: | |
| Tags: |
Nessun Tag, puoi essere il primo ad aggiungerne!!
|
MARC
| LEADER | 00000naa$a2200000$$$4500 | ||
|---|---|---|---|
| 001 | 0019895 | ||
| 005 | 20231004124238.7 | ||
| 041 | 0 | |a slo | |
| 044 | |a SK | ||
| 245 | 1 | 0 | |a Stredná Európa sa stáva atraktívnou |c Radko Kuruc |
| 520 | |a Posilňovanie mien stredoeurópskych krajín. Vývoj slovenskej koruny oproti českej. Reakcie národných bánk. | ||
| 610 | 2 | 0 | |a mena |
| 610 | 2 | 0 | |a politika menová |
| 610 | 2 | 0 | |a trh menový |
| 610 | 2 | 0 | |a vývoj menový |
| 610 | 2 | 0 | |a Vyšehradská štvorka |
| 100 | 1 | |a Kuruc, Radko | |